[Event "MSS-ch"]
[Site "CZE"]
[Date "1997.??.??"]
[Round "?"]
[White "Kreuzer, Klaus"]
[Black "Rehurek, Lukas"]
[Result "1/2-1/2"]
[WhiteElo "2105"]
[BlackElo "1945"]

1.d4 Nf6 2.c4 e6 3.Nf3 Bb4+ 4.Bd2 c5 5.Bxb4 cxb4 6.e3 d6 7.Bd3 O-O 8.O-O Nc6
9.Nbd2 e5 10.d5 Ne7 11.a3 bxa3 12.Rxa3 a5 13.e4 Bd7 14.Nb1 Qb8 15.Qd2 b6
16.Nc3 Rc8 17.Rfa1 Qb7 18.Ne1 Ne8 19.Nc2 Nc7 20.Nb5 Nxb5 21.cxb5 Rcb8 22.b4 axb4
23.Nxb4 Rxa3 24.Rxa3 Ra8 25.Qa2 Rxa3 26.Qxa3 Nc8 27.Nc6 f6 28.h3 Kf8 29.Be2 Kg8
30.Bg4 Bxg4 31.hxg4 Kf8 32.Qh3 h6 33.g5 fxg5 34.Qf5+ Ke8 35.Qe6+ Kf8 36.Qf5+ Ke8
37.Qe6+ Kf8  1/2-1/2

[Event "CZE-chT 9697"]
[Site "CZE"]
[Date "1997.??.??"]
[Round "3"]
[White "Jirovsky, Pavel"]
[Black "Sleich, Jan"]
[Result "0-1"]
[WhiteElo "2360"]
[BlackElo "2210"]

1.d4 e6 2.Nf3 Nf6 3.c4 Bb4+ 4.Bd2 Qe7 5.g3 O-O 6.Bg2 Bxd2+ 7.Qxd2 d6 8.Nc3 e5
9.O-O Re8 10.e4 Bg4 11.d5 a5 12.Ne1 Na6 13.h3 Bd7 14.Nd3 c6 15.f4 cxd5 16.cxd5 b5
17.fxe5 dxe5 18.Nd1 Nc5 19.N1f2 b4 20.Rfc1 Rec8 21.Kh2 Nxd3 22.Qxd3 g6 23.a3 Kg7
24.Nd1 Ne8 25.Ne3 Nd6 26.Rxc8 Rxc8 27.axb4 axb4 28.Qd2 Nc4 29.Nxc4 Rxc4 30.Rc1 Rd4
31.Qe3 Ba4 32.h4 Bd1 33.Rc6 h6 34.Qc1 b3 35.Rc7 Qb4 36.Rc3 Bc2 37.Qe3 Qa5
38.h5 g5 39.Qf2 Bxe4 40.Bxe4 Rxe4 41.Rc6 Qd8 42.d6 Rd4 43.Rc7 Qf6 44.Qxf6+ Kxf6
45.d7 g4 46.Rb7 Kg5 47.Kg2 Kxh5 48.Kf2 Kg5 49.Ke3 h5 50.d8=Q+ Rxd8 51.Rxf7 Rd1
52.Rg7+ Kf6 53.Rb7 Rf1 54.Ke4 Rf3 55.Rb6+ Kg5 56.Rb5 Rxg3 57.Rxe5+ Kh4 58.Rb5 Rf3
59.Rb8 Kg3  0-1

[Event "Moravia-chT 9798"]
[Site "CZE"]
[Date "1997.??.??"]
[Round "4.3"]
[White "Vechet, Stanislav"]
[Black "Jurasek, Miroslav"]
[Result "1/2-1/2"]
[WhiteElo "2240"]
[BlackElo "2315"]

1.d4 Nf6 2.c4 e6 3.Nf3 Bb4+ 4.Bd2 Qe7 5.a3 Bxd2+ 6.Qxd2 b6 7.Nc3 Bb7 8.Qf4 d6
9.e4 e5 10.dxe5 dxe5 11.Qxe5 Nxe4 12.Nxe4 Qxe5 13.Nxe5 Bxe4 14.O-O-O O-O
15.f3 Bf5 16.g4 Be6 17.Bd3 a5 18.Be4 Ra7 19.Rd4 a4 20.Rhd1 Ra5 21.Nd3 Na6
22.Nf4 Nc5 23.Bc2 Raa8 24.Kb1 g6 25.h4 Bc8 26.h5 Bb7 27.Nd5 Bxd5 28.cxd5 Rfd8
29.f4 Rd6 30.hxg6 hxg6 31.f5 g5 32.R4d2 Kg7 33.Re2 Rad8 34.Rf1 Rh6 35.Re7 Rxd5
36.Rxc7 Rd4  1/2-1/2

[Event "CZE-chT 9697"]
[Site "CZE"]
[Date "1997.??.??"]
[Round "10"]
[White "Jurek, Josef"]
[Black "Mokry, Karel"]
[Result "1/2-1/2"]
[WhiteElo "2395"]
[BlackElo "2500"]

1.d4 Nf6 2.Nf3 e6 3.c4 Bb4+ 4.Bd2 c5 5.Bxb4 cxb4 6.g3 O-O 7.Bg2 d6 8.O-O Nc6
9.d5 Ne7 10.dxe6 Bxe6 11.Nd4 Bxc4 12.Bxb7 Rb8 13.Bg2 Qb6 14.Nb3 Qa6 15.Re1 Bd5
16.Qd3 Qxd3 17.exd3 Nc6 18.N1d2 Bxg2 19.Kxg2 Ne5 20.Ne4 Nxd3 21.Nxf6+ gxf6
22.Red1 Nxb2 23.Rxd6 Rb6 24.Rxb6 axb6 25.Rb1 Nd3 26.Nc1 Nxc1 27.Rxc1 Ra8
28.Rc6 b5 29.Rxf6 Rxa2 30.Rf5 Ra5 31.Rf4 Ra4 32.Rf5 Ra5 33.Rf4 b3 34.Rb4 Kg7
35.Rxb3 Kf6 36.Rb4 Ke6 37.Rh4 Ra7 38.Rxh7 b4 39.Rh8 Rb7 40.Re8+ Kd5 41.Re1 b3
42.Kf3 b2 43.Rb1 Kd4 44.h4 Kc3 45.g4 Kc2 46.Rxb2+ Rxb2 47.Ke4 Kd1 48.f4 Ke2
49.g5 Rb4+ 50.Ke5 Kf3 51.h5 Rb5+ 52.Kf6 Kxf4 53.g6 fxg6 54.hxg6 Rb6+ 55.Kf7 Rb7+
56.Kf6 Rb6+ 57.Kf7 Kf5 58.g7 Rb7+ 59.Kf8 Kf6 60.g8=N+ Ke6 61.Nh6 Rh7 62.Ng8 Rf7+
63.Ke8 Rg7 64.Kf8  1/2-1/2

[Event "CZE-chT 9697"]
[Site "CZE"]
[Date "1997.??.??"]
[Round "10"]
[White "Chytilek, Roman"]
[Black "Tichy, Vladimir"]
[Result "1-0"]
[WhiteElo "2355"]
[BlackElo "2360"]

1.d4 Nf6 2.c4 e6 3.Nf3 Bb4+ 4.Bd2 Bxd2+ 5.Qxd2 O-O 6.Nc3 d6 7.g3 Nc6 8.Bg2 e5
9.O-O Bg4 10.d5 Ne7 11.Ne1 Nd7 12.e4 Bh5 13.Nd3 f6 14.Rac1 a5 15.a3 Nc5 16.Nxc5 dxc5
17.f4 Nc6 18.Nb5 Nd4 19.Nxd4 cxd4 20.Bh3 c5 21.Rf2 Qe7 22.Be6+ Bf7 23.Bxf7+ Rxf7
24.f5 a4 25.Rf3 Qc7 26.g4 Qa5 27.Qc2 Rb8 28.b3 Ra8 29.Rb1 axb3 30.Rfxb3 h6
31.Kf2 Ra7 32.Ke2 Kf8 33.Kd3 Qa4 34.h4 Ke8 35.g5 hxg5 36.hxg5 fxg5 37.Qh2 Re7
38.d6 Rf7 39.Qxe5+ Kd8 40.Qd5 Qd7 41.Qxc5 Ra6 42.Rxb7 Qxb7 43.Rxb7 Rxb7 44.e5 g4
45.Qd5  1-0

[Event "Decin op"]
[Site "Decin"]
[Date "1997.??.??"]
[Round "4"]
[White "Surjadnji, Aleksej"]
[Black "Sleich, Jan"]
[Result "1-0"]
[WhiteElo "2440"]
[BlackElo "2225"]

1.Nf3 Nf6 2.d4 e6 3.c4 Bb4+ 4.Bd2 Qe7 5.g3 O-O 6.Bg2 Bxd2+ 7.Qxd2 d6 8.O-O e5
9.Nc3 Re8 10.e4 Bg4 11.d5 Bxf3 12.Bxf3 c5 13.a3 Rf8 14.b4 Na6 15.Rab1 g6
16.Be2 Ne8 17.Bd3 Ng7 18.f4 f6 19.f5 g5 20.h4 h6 21.Kg2 Kf7 22.hxg5 hxg5
23.Rh1 Rh8 24.b5 Nc7 25.Kf3 Qe8 26.Qg2 Ke7 27.Rxh8 Qxh8 28.Rh1 Qg8 29.a4 a5
30.Rh6 Rf8 31.Qh1 Nge8 32.Rh7+ Rf7 33.Rh8 Qg7 34.Ke3 Na8 35.Be2 Nb6 36.Kd3 Nd7
37.Rh2 Qg8 38.Rh8 Qg7 39.b6 Nxb6 40.Rh2 Qg8 41.Qb1 Nd7 42.Qxb7 Rh7 43.Rxh7+ Qxh7
44.g4 Qh1 45.Kc2 Qa1 46.Kb3 Qc1 47.Qa7 Qa1 48.Qxa5 Qc1 49.Qa7 Qa1 50.Bd1 Kd8
51.Qa8+ Ke7 52.Bc2 Qf1 53.a5 Qa1 54.Na2 Qe1 55.Nc3 Qa1 56.Bb1 Nc7 57.Qa7 Kd8
58.Ba2 Kc8 59.a6 Qf1 60.Qb7+ Kd8 61.a7  1-0

[Event "Decin op"]
[Site "Decin"]
[Date "1997.??.??"]
[Round "5"]
[White "Lymar, Vladimir"]
[Black "Loktionova, Natalia"]
[Result "1/2-1/2"]
[WhiteElo "2350"]
[BlackElo "2195"]

1.d4 Nf6 2.Nf3 e6 3.c4 Bb4+ 4.Bd2 Qe7 5.g3 O-O 6.Bg2 Bxd2+ 7.Nbxd2 d6 8.O-O e5
9.e4 Bg4 10.Qc2 Bxf3 11.Nxf3 Nbd7 12.Rfe1 c6 13.Rad1 Rfd8 14.Qc3 Re8 15.Qa3 c5
16.d5 Rf8 17.Nd2 Ne8 18.f4 g6 19.f5 Ng7 20.Qf3 g5 21.Qe3 f6 22.Nb1 Nb8 23.Nc3 Na6
24.a3 Ne8 25.Bf3 Ng7 26.Be2 Nc7 27.b4 Na6 28.Rb1 Rfc8 29.Red1 Qd7 30.Rd2 Kf8
31.Bf1 Kf7 32.Bd3 Rh8 33.Bc2 Qc8 34.Qe2 cxb4 35.axb4 Nxb4 36.Na4 Na6 37.Kg2 b6
38.Bd1 Rd8  1/2-1/2

[Event "DEN-chT 9697"]
[Site "?"]
[Date "1997.??.??"]
[Round "4"]
[White "Hartung Nielsen, Jens"]
[Black "Larsen, Steen Skovlund"]
[Result "1/2-1/2"]
[WhiteElo "2255"]
[BlackElo "2290"]

1.d4 Nf6 2.Nf3 e6 3.c4 Bb4+ 4.Bd2 Qe7 5.g3 Nc6 6.Nc3 Bxc3 7.Bxc3 Ne4 8.Rc1 O-O
9.Bg2 d6 10.d5 Nd8 11.dxe6 Nxe6 12.O-O a5 13.b3 Nxc3 14.Rxc3 Qf6 15.Qd2 Bd7
16.Rd1 Bc6  1/2-1/2

[Event "GER-ch U20 qual"]
[Site "Dortmund"]
[Date "1997.??.??"]
[Round "?"]
[White "Fuhrmann, Daniel"]
[Black "Tydecks, Hermann"]
[Result "1-0"]
[WhiteElo "2295"]
[BlackElo "1870"]

1.d4 Nf6 2.c4 e6 3.Nf3 Bb4+ 4.Bd2 Qe7 5.g3 Nc6 6.Nc3 Bxc3 7.Bxc3 Ne4 8.Rc1 d6
9.d5 Nxc3 10.Rxc3 Nb8 11.dxe6 fxe6 12.Bg2 O-O 13.O-O e5 14.Qd5+ Kh8 15.c5 Nc6
16.Rd1 Rd8 17.Qb3 a5 18.e4 a4 19.Qa3 Bg4 20.cxd6 cxd6 21.Rcd3 Bxf3 22.Bxf3 Nd4
23.Qb4 Qf7 24.Bg2 b5 25.a3 Rac8 26.Rxd4 exd4 27.Qxd4 Qc4 28.Bf1 Qxd4 29.Rxd4 Rc5
30.f4 Kg8 31.e5 d5 32.Bd3 g6 33.Kf2 Kf7 34.Ke3 Ke6 35.Rb4 Rb8 36.Kd4 Rc7
37.g4 Rd7 38.f5+ gxf5 39.Bxf5+ Ke7 40.Bxd7 Kxd7 41.Kxd5  1-0

[Event "Dresden op"]
[Site "Dresden"]
[Date "1997.??.??"]
[Round "2"]
[White "Farago, Ivan"]
[Black "Weisshaupt, Rainer"]
[Result "1-0"]
[WhiteElo "2445"]
[BlackElo "2120"]

1.d4 Nf6 2.c4 e6 3.Nf3 Bb4+ 4.Bd2 Qe7 5.g3 Ne4 6.Bg2 O-O 7.O-O Nxd2 8.Nbxd2 Bxd2
9.Qxd2 d6 10.Qc3 Nd7 11.Nh4 f5 12.f4 Nf6 13.Nf3 Bd7 14.Nd2 c6 15.e4 fxe4
16.Nxe4 Nxe4 17.Bxe4 Rae8 18.Rfe1 Qf6 19.c5 d5 20.Bg2 Re7 21.Re5 Be8 22.Rf1 Bg6
23.Qe3 Rfe8 24.g4 Qh4 25.Rg5 Bf7 26.h3 h6 27.Re5 Bg6 28.Re1 Kf8 29.Kh2 Bf7
30.Bf3 Bg6 31.Rg1 Rf7 32.f5 Bh7 33.fxe6 Rc7 34.g5 hxg5 35.Rgxg5 Kg8 36.Bh5 Ree7
37.Bf7+ Rxf7 38.exf7+  1-0

[Event "Dresden op"]
[Site "Dresden"]
[Date "1997.??.??"]
[Round "8"]
[White "Bauer, Norbert"]
[Black "Racherbaeumer, Marcel"]
[Result "0-1"]
[WhiteElo "2200"]
[BlackElo "2260"]

1.d4 Nf6 2.c4 e6 3.Nf3 Bb4+ 4.Bd2 c5 5.Bxb4 cxb4 6.a3 bxa3 7.Rxa3 O-O 8.Nc3 d6
9.g3 Qe7 10.Bg2 b6 11.O-O Bb7 12.Re1 Nbd7 13.Nb5 a6 14.Nc7 Rac8 15.Nxa6 Bxa6
16.Rxa6 Rxc4 17.Qd3 Rfc8 18.Nd2 Rc1 19.Ra1 Rxe1+ 20.Rxe1 d5 21.Qb3 Qd6 22.Nb1 h5
23.Nc3 g6 24.e3 Kg7 25.Bf1 h4 26.Nb5 Qb8 27.Qa3 Ne4 28.Qa7 Qxa7 29.Nxa7 Rc2
30.Bb5 Ndf6 31.Re2 Rc7 32.Nc6 Nd6 33.Ba4 b5 34.Bxb5 Nxb5 35.Nb4 Rc1+ 36.Kg2 g5
37.gxh4 gxh4 38.Kh3 Rg1 39.Kxh4 Nd6 40.f3 Nf5+ 41.Kh3 Nh7 42.f4 Nf6 43.Nc2 Rb1
44.Na3 Rd1 45.Nc2 Rd3 46.Kg2 Rb3 47.Kf3 Rxb2 48.h3 Kh6 49.Ne1 Nh4+  0-1

[Event "Caledonian Masters"]
[Site "Edinburgh"]
[Date "1997.??.??"]
[Round "5"]
[White "Bates, Richard"]
[Black "Lehtivaara, Petri"]
[Result "1/2-1/2"]
[WhiteElo "2345"]
[BlackElo "2370"]

1.d4 e6 2.Nf3 Nf6 3.c4 Bb4+ 4.Bd2 a5 5.g3 d5 6.Bg2 Nc6 7.O-O dxc4 8.Bg5 O-O
9.e3 Ra6 10.Nbd2 h6 11.Bxf6 Qxf6 12.Nxc4 b5 13.Nce5 Nxe5 14.dxe5 Qd8 15.Qxd8 Rxd8
16.Rac1 Rd7 17.Nd4 Rb6 18.Rc6 Bb7 19.Rxb6 cxb6 20.Bxb7 Rxb7 21.Nxb5 Rd7 22.Nd4 Bc5
23.Nf3 g5 24.g4 Rd5 25.Rc1 Bf8 26.Rc8 Rd1+ 27.Kg2 Ra1 28.Rb8 Rxa2 29.Rxb6 Bb4
30.b3 Rb2 31.Rb8+  1/2-1/2

[Event "RUS-Cup5"]
[Site "Ekaterinburg"]
[Date "1997.??.??"]
[Round "7"]
[White "Hasanov, Marat"]
[Black "Lisenko, Alexander V"]
[Result "0-1"]
[WhiteElo "2265"]
[BlackElo "2385"]

1.d4 Nf6 2.Nf3 e6 3.c4 Bb4+ 4.Bd2 Qe7 5.g3 Nc6 6.Bg2 Bxd2+ 7.Nbxd2 d6 8.O-O a5
9.e4 e5 10.d5 Nb8 11.Qc2 O-O 12.Ne1 Bg4 13.f3 Bd7 14.Qc3 c6 15.f4 cxd5 16.exd5 exf4
17.Rxf4 Ng4 18.Nc2 Ne5 19.Re1 Na6 20.Nd4 Nc5 21.b3 Qd8 22.Re3 Qb6 23.h3 Qb4
24.Bf1 Rfe8 25.Nc2 Qxc3 26.Rxc3 Rab8 27.Ne3 Re7 28.Rd4 Rbe8 29.Kf2 f5 30.Be2 g6
31.a3 Nf7 32.h4 Kg7 33.b4 axb4 34.axb4 Na6 35.c5 dxc5 36.bxc5 Nxc5 37.d6 Re5
38.Bf3 b5 39.Rd5 Ne6 40.Rxe5 Nxe5 41.Bg2 b4 42.Rc2 Nd3+ 43.Kg1 Nec5 44.Nec4 Re1+
45.Bf1 Kf6 46.Nb6 Be6 47.Kh2 b3 48.Rc3 Rc1 49.Rxc1 Nxc1 50.Bb5 b2 51.Nb1 Ba2
52.Na3 b1=Q 53.Nxb1 Bxb1 54.d7 Nb7 55.Nd5+ Kf7 56.Nf4 Ba2 57.g4 Nd8 58.Kg3 fxg4
59.Kxg4 Kf6 60.Kg3 Bf7 61.Nh3 Nb3 62.Ng5 Bg8 63.Kf4 Nc5 64.Nf3 h6 65.Ne1 Bd5
66.Nc2 Bc6 67.Bc4 Bxd7 68.Ne3 Nde6+ 69.Kg3 Ne4+ 70.Kh2 Nd4 71.Kg2 Nf5 72.Ng4+ Kg7
73.Ne5 Nxh4+ 74.Kh2 Bf5 75.Bd5 Nf6 76.Bb7 g5 77.Kg3 Ng6 78.Nc4 h5 79.Nd6 h4+
80.Kh2 Bd3 81.Bc8 Kh6 82.Be6 Nf4 83.Bc8 Kh5 84.Nf7  0-1

[Event "RUS-Cup5"]
[Site "Ekaterinburg"]
[Date "1997.??.??"]
[Round "7"]
[White "Ulibin, Mikhail"]
[Black "Totsky, Leonid"]
[Result "0-1"]
[WhiteElo "2555"]
[BlackElo "2495"]

1.d4 e6 2.Nf3 Nf6 3.c4 Bb4+ 4.Bd2 Bxd2+ 5.Qxd2 O-O 6.g3 d6 7.Bg2 Nc6 8.Nc3 e5
9.d5 Nb8 10.O-O a5 11.Ne1 Na6 12.Nd3 Nd7 13.f4 exf4 14.gxf4 f5 15.e4 fxe4
16.Nxe4 Ndc5 17.Nexc5 Nxc5 18.Nxc5 dxc5 19.Rae1 Qd6 20.Re5 Bd7 21.Qe3 Rf6
22.Be4 Raf8 23.Bd3 b6 24.Rf2 R8f7 25.Qg3 Rh6 26.Qg5 Qf6 27.Qxf6 Rhxf6 28.Kg2 h6
29.Kg3 g5 30.f5 Kf8 31.Kg4 Re7 32.Rxe7 Kxe7 33.h4 gxh4 34.Rh2 c6 35.dxc6 Bxc6
36.Rxh4 Rd6 37.Rh3 Rd4+ 38.Kh5 Kf6 39.Kxh6 Bg2  0-1

[Event "Momotov mem"]
[Site "Enakievo"]
[Date "1997.??.??"]
[Round "?"]
[White "Kuzmin, Gennadi P"]
[Black "Ivanov, Victor L"]
[Result "1/2-1/2"]
[WhiteElo "2535"]
[BlackElo "2390"]

1.d4 Nf6 2.c4 e6 3.Nf3 Bb4+ 4.Bd2 Bxd2+ 5.Qxd2 d5 6.Nc3 O-O 7.e3 Qe7 8.Bd3 Rd8
9.O-O dxc4 10.Bxc4 c5 11.Rad1 Nc6 12.Qe2 b6 13.d5 Nb4 14.dxe6 Bxe6 15.e4 Rxd1
16.Rxd1 Bxc4 17.Qxc4 Rd8 18.Rxd8+ Qxd8 19.Ng5 Qd7 20.e5 Nfd5 21.Qe4 g6 22.Qh4 Nxc3
23.Qxh7+ Kf8  1/2-1/2

[Event "FRA-chT9697 groupe A"]
[Site "France"]
[Date "1997.??.??"]
[Round "4"]
[White "Marchand, Francois"]
[Black "Berend, Fred"]
[Result "1-0"]
[WhiteElo "2220"]
[BlackElo "2400"]

1.d4 Nf6 2.c4 e6 3.Nf3 Bb4+ 4.Bd2 c5 5.Bxb4 cxb4 6.g3 O-O 7.Bg2 Qe7 8.O-O d6
9.Qb3 a5 10.a3 Na6 11.axb4 Nxb4 12.Nc3 Bd7 13.Na2 Nxa2 14.Rxa2 Bc6 15.Rfa1 Qc7
16.Nd2 d5 17.Qc3 b6 18.cxd5 exd5 19.b4 axb4 20.Qxb4 Rxa2 21.Rxa2 Bd7 22.h3 Qc1+
23.Nf1 b5 24.Qb2 Qh6 25.h4 Rb8 26.Ne3 g5 27.hxg5 Qxg5 28.Qb3 Be6 29.Ra5 Rc8
30.Rxb5 Rc1+ 31.Nf1 Ng4 32.Rb8+ Kg7 33.Qa3 Kf6 34.f4 Rxf1+ 35.Kxf1 Qg6 36.Qf8 Ne3+
37.Kf2 Nxg2 38.Qh8+ Kf5 39.Qe5+ Kg4 40.Kxg2 Bf5 41.Kf2 Kh3 42.Rg8 Qe6 43.Qxe6 fxe6
44.Rg5 Bg4 45.Re5 h5 46.e4 dxe4 47.Rxe4 Bf5 48.Re5 Kg4 49.Rxf5 Kxf5 50.Kf3 Kg6
51.Kg2 Kf6 52.Kh3 Kg6 53.Kh4 Kh6 54.f5 exf5 55.d5 Kg6 56.d6 Kf6 57.Kxh5 Ke6  1-0

[Event "FRA-chT9697 groupe B"]
[Site "France"]
[Date "1997.??.??"]
[Round "5"]
[White "Karr, Jean Philipp"]
[Black "Chabanon, Jean Luc"]
[Result "0-1"]
[WhiteElo "2325"]
[BlackElo "2435"]

1.d4 Nf6 2.Nf3 e6 3.c4 Bb4+ 4.Bd2 Qe7 5.e3 b6 6.Bd3 Bb7 7.O-O Bxd2 8.Nbxd2 c5
9.e4 cxd4 10.Nxd4 Nc6 11.Nxc6 dxc6 12.e5 Nd7 13.Qe2 O-O-O 14.a3 Nxe5 15.Qxe5 Rxd3
16.Qxg7 Qf8 17.Qxf8+ Rxf8 18.Ne4 c5 19.Nf6 Rfd8 20.Nxh7 Rg8 21.g3 Rd4 22.f3 Rg6
23.f4 Rd2 24.Rf2 Rxf2 25.Kxf2 Rh6 26.Ng5 Rxh2+ 27.Ke3 Rxb2 28.Nxf7 Rb3+ 29.Kd2 Rxg3
30.Re1 Kd7 31.Ng5 Ba6 32.Re4 e5 33.Rxe5 Bxc4 34.a4 Rd3+ 35.Kc2 Rd4 36.f5 Kd6
37.Re3 Bd5 38.f6 Rc4+ 39.Kd2 Rf4 40.Re7 a5 41.Nf7+ Bxf7 42.Rxf7 Ke5 43.Kc3 Rxf6
44.Rb7 Kd5 45.Rb8 Rf3+ 46.Kb2 Rf4 47.Kc3 Rf6 48.Kb3 c4+ 49.Kc3 Rf3+ 50.Kc2 Rb3
51.Rc8 Rb4  0-1

[Event "Frydek-Mistek op-A"]
[Site "Frydek-Mistek"]
[Date "1997.??.??"]
[Round "4"]
[White "Taus, Martin"]
[Black "Ovchinikova, Julia"]
[Result "1-0"]
[WhiteElo "2185"]
[BlackElo "2235"]

1.d4 Nf6 2.c4 e6 3.Nf3 Bb4+ 4.Bd2 Be7 5.Nc3 d5 6.e3 O-O 7.Qc2 Nbd7 8.Rc1 a6
9.Bd3 c5 10.a4 cxd4 11.exd4 dxc4 12.Bxc4 Nb6 13.Ba2 Nbd5 14.Bb1 Re8 15.h4 Nb4
16.Qb3 Nc6 17.Ne2 Qd5 18.Qd3 Nb4 19.Qe3 Qd7 20.Ne5 Qxa4 21.Rh3 Nbd5 22.Qf3 Rf8
23.Rg3 Kh8 24.Rg5 Qe8 25.Nc3 h6 26.Nxd5 exd5 27.Rxg7 Kxg7 28.Bxh6+ Kxh6 29.Qf4+ Kg7
30.Qg5+ Kh8 31.Qh6+ Kg8 32.Rc3 Bg4 33.Rg3 Bb4+ 34.Kf1 Qb5+ 35.Kg1 Rac8 36.Rxg4+  1-0

[Event "Frydek-Mistek op-A"]
[Site "Frydek-Mistek"]
[Date "1997.??.??"]
[Round "6"]
[White "Taus, Martin"]
[Black "Kubala, Martin"]
[Result "0-1"]
[WhiteElo "2185"]
[BlackElo "2265"]

1.d4 e6 2.c4 Nf6 3.Nf3 Bb4+ 4.Bd2 Bxd2+ 5.Qxd2 b6 6.g3 Bb7 7.Bg2 d6 8.O-O Nbd7
9.Nc3 Ne4 10.Qc2 Nxc3 11.Qxc3 O-O 12.Rfd1 Qe7 13.Rac1 f5 14.b4 Nf6 15.c5 Ne4
16.cxd6 cxd6 17.Qc7 Qxc7 18.Rxc7 Ba6 19.Nd2 Rac8 20.Rxc8 Rxc8 21.Nxe4 fxe4
22.Bxe4 Bxe2 23.Rd2 Rc1+ 24.Kg2 Bc4 25.Bc2 h6 26.Bb3 Kf7 27.f4 Kf6 28.Kf2 Bxb3
29.axb3 Rc3 30.Ra2 Rxb3 31.Rxa7 Rxb4 32.Rb7 Rb2+ 33.Ke3 d5 34.Kf3 b5 35.Kg4 b4
36.h4 b3 37.Kh5 Rb1 38.g4 b2 39.g5+ hxg5 40.fxg5+ Kf5 41.Rf7+ Ke4 42.Rb7 e5
43.dxe5 Kxe5 44.Kg6 d4 45.Re7+ Kf4 46.Rf7+ Kg3 47.Rb7 d3 48.Rb3 Kxh4 49.Rxd3 Rg1
50.Rd4+ Rg4 51.Rd1 Rxg5+ 52.Kf7 Rb5  0-1

[Event "Arnold mem"]
[Site "Gausdal"]
[Date "1997.??.??"]
[Round "1"]
[White "Ferkingstad, Gro"]
[Black "Fyllingen, Roy Harald"]
[Result "0-1"]
[WhiteElo "2045"]
[BlackElo "2410"]

1.d4 Nf6 2.Nf3 e6 3.c4 Bb4+ 4.Bd2 a5 5.Nc3 O-O 6.g3 d6 7.Bg2 Nbd7 8.Qc2 e5
9.O-O Re8 10.a3 Bxc3 11.Bxc3 a4 12.dxe5 dxe5 13.Rad1 Qe7 14.e4 b6 15.Rfe1 Bb7
16.h3 Qe6 17.Bb4 c5 18.Bd2 Ba6 19.Bf1 Qc6 20.Bc3 Re7 21.Nh4 g6 22.Qd3 Bb7
23.Bg2 Rae8 24.Bf3 Ba6 25.Kh2 Qe6 26.Be2 Nb8 27.Nf3 Nc6 28.Ng5 Qc8 29.f4 Nd4
30.Bxd4 cxd4 31.fxe5 Rxe5 32.Qxd4 Qc6 33.Rf1 Kg7 34.Qd6 Qxd6 35.Rxd6 Nxe4
36.Nxe4 Rxe4 37.Bf3 Rxc4 38.Rf2 Re6 39.Rd7 Rf6 40.Kg2 Bb5 41.Ra7 Rc1  0-1

[Event "Arnold mem"]
[Site "Gausdal"]
[Date "1997.??.??"]
[Round "4"]
[White "Gausel, Einar"]
[Black "Davies, Nigel R"]
[Result "1/2-1/2"]
[WhiteElo "2540"]
[BlackElo "2505"]

1.d4 Nf6 2.c4 e6 3.Nf3 Bb4+ 4.Bd2 Bxd2+ 5.Qxd2 O-O 6.Nc3 d5 7.e3 Qe7 8.Rc1 Rd8
9.Qc2 Nbd7 10.a3 dxc4 11.Bxc4 Nb6 12.Ba2 c5 13.dxc5 Qxc5 14.O-O Bd7 15.Rfd1 Be8
16.h3 Rac8  1/2-1/2

[Event "Geneve op"]
[Site "Geneve"]
[Date "1997.??.??"]
[Round "3"]
[White "Cvitan, Ognjen"]
[Black "Arlandi, Ennio"]
[Result "1-0"]
[WhiteElo "2550"]
[BlackElo "2470"]

1.d4 Nf6 2.c4 e6 3.Nf3 Bb4+ 4.Bd2 c5 5.Bxb4 cxb4 6.e3 O-O 7.Be2 b6 8.O-O Bb7
9.Ne5 Qe7 10.Nd2 a5 11.a3 bxa3 12.bxa3 d6 13.Nd3 e5 14.Rb1 Nbd7 15.Re1 Rfc8
16.Bf1 Rc7 17.Nb2 Rb8 18.Na4 Bc6 19.Nc3 Nf8 20.e4 N6d7 21.Nd5 Bxd5 22.exd5 Ng6
23.c5 dxc5 24.Nc4 Qf6 25.d6 Rcc8 26.dxe5 Ngxe5 27.Nxe5 Nxe5 28.Qd5 Nd7 29.Re7 Nf8
30.Bc4 Ne6 31.Re1 Re8 32.Rxe8+ Rxe8 33.Qc6 Qd8 34.d7 Re7 35.Bxe6 fxe6 36.Rd1 Rf7
37.Qxe6 Kf8 38.Qd6+ Kg8 39.Qc6 Kf8 40.Qd6+ Re7 41.Qc6 Re5 42.f4 Re3 43.Kf2 Rxa3
44.Qc8  1-0

[Event "Oberliga Sued W9697"]
[Site "GER"]
[Date "1997.??.??"]
[Round "?"]
[White "Bruch, Ingo"]
[Black "Shpilker, Boris"]
[Result "0-1"]
[WhiteElo "2305"]
[BlackElo "2360"]

1.d4 Nf6 2.Nf3 e6 3.c4 Bb4+ 4.Bd2 a5 5.g3 b6 6.Bg2 Bb7 7.O-O O-O 8.Bf4 Be7
9.Nc3 Ne4 10.Qc2 Nxc3 11.Qxc3 Be4 12.Rfd1 d6 13.Ne1 Bxg2 14.Nxg2 Nd7 15.Qd3 c6
16.e4 Qb8 17.Rac1 Qb7 18.g4 b5 19.cxb5 cxb5 20.Rc2 Rfc8 21.Rdc1 Rxc2 22.Qxc2 Nf6
23.f3 d5 24.e5 Ne8 25.Qc6 Qxc6 26.Rxc6 Bd8 27.Kf1 Kf8 28.Bd2 Nc7 29.Ke2 Ke8
30.f4 Kd7 31.Rc1 Na6 32.f5 Bb6 33.Kd3 Nb4+ 34.Bxb4 axb4 35.Ra1 b3 36.a3 Ra4
37.Kc3 Rxd4 38.h3 Re4 39.Kxb3 Rxe5 40.Rf1 Kc6 41.Rf3 g5 42.h4 Re2  0-1

[Event "Oberliga Nord O9697"]
[Site "Germany"]
[Date "1997.??.??"]
[Round "?"]
[White "Thal, Olaf"]
[Black "Panchenko, Alexandar G"]
[Result "1/2-1/2"]
[WhiteElo "2320"]
[BlackElo "2445"]

1.d4 Nf6 2.c4 e6 3.Nf3 Bb4+ 4.Bd2 Qe7 5.e3 Bxd2+ 6.Nbxd2 d6 7.Qc2 e5 8.h3 O-O
9.Be2 Nc6 10.d5 Nb4 11.Qc3 c5 12.a3 Na6 13.e4 Bd7 14.b4 Rfc8 15.b5 Nc7 16.O-O Nh5
17.Rfe1 Nf4 18.Bf1 Qf6 19.Kh2 Qh6 20.Qe3 Ne8 21.Ng1 g5 22.g3 Ng6 23.Kg2 Kg7
24.Ndf3 f6 25.Be2 Ne7 26.h4 gxh4 27.Qxh6+ Kxh6 28.Nxh4 f5 29.Bd3 fxe4 30.Bxe4 Nf6
31.Bc2 Rg8 32.Ngf3 Rg4 33.Nd2 Ng6 34.Nxg6 hxg6 35.Ne4 Nxe4 36.Rxe4 Rxe4 37.Bxe4 Kg7
38.f3 b6 39.Rc1 a6 40.a4 axb5 41.axb5 Ra4 42.g4 Ra3 43.Kf2 Ra2+ 44.Rc2 Rxc2+
45.Bxc2 Kf6  1/2-1/2

[Event "BL9697 (Women)"]
[Site "Germany"]
[Date "1997.??.??"]
[Round "?"]
[White "Meissner, Claudia"]
[Black "Hund, Barbara"]
[Result "0-1"]
[WhiteElo "2105"]
[BlackElo "2270"]

1.d4 Nf6 2.c4 e6 3.Nf3 Bb4+ 4.Bd2 a5 5.Qa4 Qe7 6.a3 Bxd2+ 7.Nbxd2 O-O 8.e3 d6
9.Bd3 Bd7 10.Qc2 a4 11.Ne4 Nxe4 12.Bxe4 f5 13.Bd3 e5 14.Be2 Nc6 15.O-O-O Na5
16.dxe5 dxe5 17.Nxe5 Be6 18.Kb1 b5 19.g4 b4 20.axb4 Qxb4 21.gxf5 a3 22.b3 a2+
23.Kb2 Bxf5 24.Bd3 Qc5 25.Qc3 Nxb3 26.Bxf5 Rxf5 27.Ng4 Qa3+ 28.Kc2 a1=Q 29.Rxa1 Nxa1+  0-1

[Event "BL2-N9697"]
[Site "Germany"]
[Date "1997.??.??"]
[Round "?.8"]
[White "Lipinsky, Fabian"]
[Black "Schulz, Rainer"]
[Result "1-0"]
[WhiteElo "2290"]
[BlackElo "2270"]

1.d4 Nf6 2.c4 e6 3.Nf3 Bb4+ 4.Bd2 Qe7 5.g3 b6 6.Bg2 Bb7 7.O-O Bxd2 8.Qxd2 O-O
9.Nc3 d6 10.d5 e5 11.e4 a5 12.b3 Nbd7 13.a3 Ba6 14.Rfe1 g6 15.Bf1 Kg7 16.b4 h6
17.Nh4 Nh5 18.Qc2 Qg5 19.Bh3 Qe7 20.Na4 axb4 21.axb4 Bc8 22.Nc3 Ba6 23.Qa4 Ndf6
24.Qc6 Ra7 25.c5 dxc5 26.bxc5 Bb7 27.Qb5 Rxa1 28.Rxa1 Qxc5 29.Qxc5 bxc5 30.Ra7 Rb8
31.Nf3 Ne8 32.Nxe5 Nd6 33.Nd7 Ra8 34.Rxa8 Bxa8 35.Nxc5 Nc4 36.Nb5 c6 37.Nc7 cxd5
38.exd5 Bxd5 39.Nxd5 f5 40.Bf1 Nd2 41.Be2 Nf6 42.Nc3  1-0

[Event "BL2-S9798"]
[Site "Germany"]
[Date "1997.??.??"]
[Round "?.3"]
[White "Karolyi, Tibor Jr"]
[Black "Ksieski, Zbigniew"]
[Result "1-0"]
[WhiteElo "2395"]
[BlackElo "2390"]

1.d4 Nf6 2.c4 e6 3.Nf3 Bb4+ 4.Bd2 a5 5.g3 d6 6.Bg2 Nbd7 7.O-O e5 8.Bg5 exd4
9.Nxd4 h6 10.Bf4 O-O 11.Qc2 Re8 12.Rd1 Ne5 13.Nc3 Ng6 14.Bc1 c6 15.b3 Bg4
16.Bb2 Qe7 17.h3 Bd7 18.e3 Bxc3 19.Qxc3 a4 20.Rab1 axb3 21.axb3 Ra2 22.Ne2 Bf5
23.Ra1 Rxa1 24.Bxa1 c5 25.Bb2 Qe6 26.g4 Be4 27.f3 Bc6 28.e4 b5 29.Qd3 bxc4
30.Qxd6 cxb3 31.Qxc5 Rc8 32.Qe3 Nh4 33.Nf4 Nxg2 34.Kxg2 Qe7 35.Rc1 Nxe4 36.Nd5 Qe6
37.Qxe4 Bxd5 38.Rxc8+ Qxc8 39.Qd4 Qc2+ 40.Kg3 Qc7+ 41.f4 f5 42.Qxd5+ Kh8
43.Qxf5 Qa7 44.Qc8+ Kh7 45.Qc1 g5 46.Qb1+  1-0

[Event "BL2-S9798"]
[Site "Germany"]
[Date "1997.??.??"]
[Round "?.4"]
[White "Pohl Kuemmel, Jens Uwe"]
[Black "Grathwohl, Roland"]
[Result "1-0"]
[WhiteElo "2280"]
[BlackElo "2290"]

1.d4 Nf6 2.Nf3 e6 3.c4 Bb4+ 4.Bd2 Qe7 5.g3 Nc6 6.Bg2 Bxd2+ 7.Nbxd2 d6 8.e4 e5
9.d5 Nb8 10.O-O O-O 11.Ne1 a5 12.Nd3 Na6 13.Qc2 c6 14.Rfc1 Nd7 15.a3 Ndc5
16.Nxc5 Nxc5 17.b4 axb4 18.axb4 Rxa1 19.Rxa1 Na6 20.Qc3 c5 21.bxc5 Nxc5 22.Nb3 Nxb3
23.Qxb3 Qc7 24.Qb4 Bd7 25.Ra7 Rb8 26.f4 f6 27.Bf3 Kf7 28.Kf2 Ke7 29.Ke3 Qc5+
30.Qxc5 dxc5 31.Bd1 Kd6 32.Ba4 Bxa4 33.Rxa4 Re8 34.Ra2 g6 35.f5 gxf5 36.exf5 Rg8
37.Kf3 h5 38.h3 Rg5 39.g4 hxg4+ 40.hxg4 Rg8 41.Rb2 Kc7 42.Rh2 b5 43.cxb5 Kd6
44.Rh6 Kxd5 45.Rxf6 Rb8 46.g5 Rxb5 47.g6 Rb3+ 48.Kg4 Rb1 49.Rf8 Rg1+ 50.Kh5 Ke4
51.Kh6 Rh1+ 52.Kg5 Rg1+ 53.Kf6 Rf1 54.Ke6 Rg1 55.Rf7 c4 56.g7 c3 57.f6 c2
58.Rc7 c1=Q 59.Rxc1 Rxc1 60.g8=Q Rc6+  1-0

[Event "BL2-S9798"]
[Site "Germany"]
[Date "1997.??.??"]
[Round "?.1"]
[White "Pinter, Jozsef"]
[Black "Mandl, Robert"]
[Result "1-0"]
[WhiteElo "2590"]
[BlackElo "2420"]

1.d4 Nf6 2.c4 e6 3.Nf3 Bb4+ 4.Bd2 Qe7 5.g3 Nc6 6.Nc3 Bxc3 7.Bxc3 Ne4 8.Rc1 O-O
9.Bg2 d6 10.d5 Nxc3 11.Rxc3 Nb8 12.dxe6 fxe6 13.O-O Nc6 14.e3 e5 15.Nd2 Be6
16.a3 a5 17.Ne4 Nd8 18.Qd2 Nf7 19.f4 Qd7 20.Nf2 c6 21.e4 Qe7 22.f5 Bd7 23.Rd3 c5
24.Ng4 Qd8 25.Ne3 a4 26.Nd5 b5 27.f6 bxc4 28.fxg7 Kxg7 29.Rdf3 Be6 30.Nf6 Qe7
31.h4 Rab8 32.Kh2 Rb3 33.R3f2 Qb7 34.Nh5+ Kh8 35.Bh3 Rd3 36.Qe2 Qe7 37.Bxe6 Qxe6
38.Rf6 Qe7 39.Qf2 Kg8 40.Qf5 Rd2+ 41.Kg1 Kh8 42.Re6  1-0